00867nam a2200265 a 4500001001300000003000900013005001700022008004100039020001000080082001500090100001600105245003000121260002900151300000900180500003500189505001700224650001800241700001600259902000800275942000700283952010700290952009400397952009500491999001500586nice12345678IN_TiNIC20260116011601.0050524s1914 mada grp 000 0 eng  ac10000a297.4bSEL aSell, Canon aReligious Orders of Islam aMadrasbSpck Pressc1914 a127p aincludes index and biblioraphy2 aIndex, Illus aSufism-Orders1 aSell, Canon bRBA cBK 00104070aHMIbHMId0000-00-00g100.00l2o297.4 SELp1559r2015-08-21s2015-07-30w2026-01-16yARB 00104070aHMIbHMId0000-00-00g100.00l0o297.4 SELp1789r0000-00-00w2026-01-16yEB 00104070aHMIbHMId0000-00-00g100.00l0o297.4 SELp8439r0000-00-00w2026-01-16yARB c2741d2741